[Event "ZN-2020-0-04217"]
[Site "LSS email"]
[Date "2020.10.15"]
[Round "?"]
[White "Guenther, Rainer"]
[Black "Balazs, Gabor"]
[Result "1-0"]
[WhiteElo "852"]
[BlackElo "727"]
[PlyCount "25"]
[EventDate "2020.10.09"]
[EventType "match (corr)"]
[EventRounds "2"]
[EventCountry "GER"]
[SourceTitle "Corr 2022"]
[Source "ChessBase"]
[SourceDate "2021.10.24"]
[SourceVersion "1"]
[SourceVersionDate "2021.10.24"]
[SourceQuality "1"]

1. e4 e5 2. Nf3 Nc6 3. Be2 Nf6 4. 0-0 Bc5 5. Nc3 0-0 6. d3 d5 7. exd5 Nxd5 8. Bg5 f6 9. Bh4 Nf4 10. Ne4 Bd6 11. Nxd6 Qxd6 12. Qd2 g5 13. Bg3 1-0

[Event "HUN-chT 1617"]
[Site "Hungary"]
[Date "2017.04.08"]
[Round "8.11"]
[White "Peczely, Sebastian Zsombor"]
[Black "Balazs, Gabor"]
[Result "0-1"]
[WhiteElo "2212"]
[BlackElo "2076"]
[PlyCount "114"]
[EventDate "2016.10.30"]
[EventType "team-tourn"]
[EventRounds "9"]
[EventCountry "HUN"]
[SourceTitle "EXT 2018"]
[Source "ChessBase"]
[SourceDate "2017.10.13"]
[SourceVersion "1"]
[SourceVersionDate "2017.10.13"]
[SourceQuality "1"]
[WhiteTeam "Mako Duocor"]
[BlackTeam "Paks"]
[WhiteTeamCountry "HUN"]
[BlackTeamCountry "HUN"]

1. e4 c5 2. Nf3 e6 3. d4 cxd4 4. Nxd4 a6 5. Bd3 Bc5 6. Nb3 Ba7 7. 0-0 Nc6 8. Qe2 d6 9. a4 Nf6 10. Be3 Bxe3 11. Qxe3 Bd7 12. N1d2 Qc7 13. Nc4 Ne5 14. Nxe5 dxe5 15. Qc5 Rc8 16. Qxc7 Rxc7 17. Nd2 Ke7 18. f3 Rhc8 19. b4 Ne8 20. c4 Bxa4 21. Rxa4 Rd8 22. c5 Rxd3 23. Ra2 Rd4 24. Rb1 Rcd7 25. Nf1 Nc7 26. Rc2 Rd1 27. Rbb2 Nb5 28. c6 bxc6 29. Rxc6 Ra1 30. Kf2 Rc7 31. Rxc7+ Nxc7 32. Nd2 Nb5 33. Nb3 Ra3 34. Na5 Rc3 35. Nb7 Nd4 36. Nc5 a5 37. Na6 Rc6 38. Nc5 axb4 39. Nd3 b3 40. Ke3 f6 41. Kd2 Kd6 42. Nc1 Rc2+ 43. Rxc2 bxc2 44. Nd3 g5 45. Nb4 Kc5 46. Nxc2 Nxc2 47. Kxc2 Kd4 48. Kd2 f5 49. exf5 exf5 50. Ke2 g4 51. fxg4 fxg4 52. h3 gxh3 53. gxh3 Ke4 54. Kf2 Kd3 55. Ke1 Ke3 56. h4 h5 57. Kf1 Kd2 0-1

[Event "SN-2017-0-00833"]
[Site "LSS email"]
[Date "2017.02.21"]
[Round "?"]
[White "Balazs, Gabor"]
[Black "Hickl, Norbert"]
[Result "0-1"]
[WhiteElo "849"]
[BlackElo "964"]
[PlyCount "60"]
[EventDate "2017.02.01"]
[EventType "tourn (corr)"]
[EventRounds "6"]
[EventCountry "GER"]
[SourceTitle "Corr 2022"]
[Source "ChessBase"]
[SourceDate "2021.10.24"]
[SourceVersion "1"]
[SourceVersionDate "2021.10.24"]
[SourceQuality "1"]

1. e4 e6 2. d4 d5 3. Nc3 dxe4 4. Nxe4 Nd7 5. Nf3 Ngf6 6. Bg5 Be7 7. Bc4 Nxe4 8. Bxe7 Qxe7 9. 0-0 0-0 10. Re1 Qb4 11. Bb3 Ndf6 12. c3 Qe7 13. c4 b6 14. a4 Bb7 15. h3 Rad8 16. Qd3 Nc5 17. Qc2 Nxb3 18. Qxb3 Bxf3 19. Qxf3 Rxd4 20. b3 Rfd8 21. Rad1 Qd6 22. Rxd4 Qxd4 23. Qe3 Qxe3 24. Rxe3 Rd1+ 25. Kh2 a5 26. f3 Nd7 27. Rc3 Nc5 28. h4 h5 29. Re3 Rd3 30. Rxd3 Nxd3 0-1

[Event "HUN-chT 1617"]
[Site "Hungary"]
[Date "2017.02.12"]
[Round "6.12"]
[White "Balazs, Gabor"]
[Black "Lakos, Nikoletta"]
[Result "1-0"]
[WhiteElo "2076"]
[BlackElo "2283"]
[PlyCount "59"]
[EventDate "2016.10.30"]
[EventType "team-tourn"]
[EventRounds "9"]
[EventCountry "HUN"]
[SourceTitle "EXT 2018"]
[Source "ChessBase"]
[SourceDate "2017.10.13"]
[SourceVersion "1"]
[SourceVersionDate "2017.10.13"]
[SourceQuality "1"]
[WhiteTeam "Paks"]
[BlackTeam "HVSE Infraplan"]
[WhiteTeamCountry "HUN"]
[BlackTeamCountry "HUN"]

1. d4 d6 2. c4 Nf6 3. Nc3 c6 4. e4 e5 5. Nf3 Qa5 6. Bd2 exd4 7. Nxd4 Qe5 8. Nf3 Qe7 9. Bd3 Bg4 10. h3 Bxf3 11. Qxf3 Nbd7 12. 0-0 g6 13. Rad1 Bg7 14. Bg5 0-0 15. Rd2 Rfe8 16. Qd1 Qe6 17. Bc2 Bf8 18. Bf4 Ne5 19. b3 Nh5 20. Bh2 Qf6 21. f4 Nxc4 22. e5 dxe5 23. Ne4 Qh4 24. bxc4 exf4 25. Qg4 Qe7 26. Rd7 Qa3 27. Bxf4 f5 28. Qxh5 Bc5+ 29. Kh1 gxh5 30. Nf6+ 1-0

[Event "RN-2017-0-01244"]
[Site "LSS email"]
[Date "2017.01.09"]
[Round "?"]
[White "Balazs, Gabor"]
[Black "Bortnicker, Justin"]
[Result "0-1"]
[WhiteElo "857"]
[BlackElo "868"]
[PlyCount "50"]
[EventDate "2016.12.31"]
[EventType "tourn (corr)"]
[EventRounds "6"]
[EventCountry "GER"]
[SourceTitle "Corr 2022"]
[Source "ChessBase"]
[SourceDate "2021.10.24"]
[SourceVersion "1"]
[SourceVersionDate "2021.10.24"]
[SourceQuality "1"]

1. e4 c5 2. Nf3 Nc6 3. d4 cxd4 4. Nxd4 e5 5. Nxc6 bxc6 6. Bc4 Nf6 7. Nc3 Bb4 8. 0-0 0-0 9. Bd2 Re8 10. Re1 Bb7 11. f3 h6 12. a3 Ba5 13. b4 Bc7 14. Re3 Bb6 15. Ne2 Bxe3+ 16. Bxe3 a6 17. Ng3 d5 18. Bb3 dxe4 19. Nxe4 Nxe4 20. fxe4 Qf6 21. Qf1 Qg6 22. h4 Bc8 23. Rd1 Be6 24. Bxe6 Rxe6 25. c4 Rf6 0-1

[Event "RN-2017-0-01244"]
[Site "LSS email"]
[Date "2017.01.09"]
[Round "?"]
[White "Balazs, Gabor"]
[Black "Hickl, Sammy"]
[Result "0-1"]
[WhiteElo "857"]
[BlackElo "2050"]
[PlyCount "74"]
[EventDate "2016.12.31"]
[EventType "tourn (corr)"]
[EventRounds "6"]
[EventCountry "GER"]
[SourceTitle "Corr 2022"]
[Source "ChessBase"]
[SourceDate "2021.10.24"]
[SourceVersion "1"]
[SourceVersionDate "2021.10.24"]
[SourceQuality "1"]

1. e4 e6 2. d3 d5 3. exd5 exd5 4. Qe2+ Qe7 5. Qxe7+ Bxe7 6. d4 Nf6 7. Nc3 Bf5 8. Bd3 Bxd3 9. cxd3 Nc6 10. Nf3 0-0 11. Nb5 Bb4+ 12. Bd2 Rae8+ 13. Kd1 Re7 14. Re1 Rfe8 15. Rxe7 Rxe7 16. Bxb4 Nxb4 17. Kd2 a6 18. Nc3 Ng4 19. Rf1 b6 20. a3 Nc6 21. Nxd5 Rd7 22. Re1 Kf8 23. Nb4 Nxd4 24. Nxd4 Rxd4 25. Re4 Rxe4 26. dxe4 a5 27. Nd5 Nxf2 28. Nxc7 Nxe4+ 29. Kd3 f5 30. g4 Nc5+ 31. Kc4 f4 32. Nd5 f3 33. Ne3 Ke7 34. b3 Kd6 35. Kc3 Ke5 36. Kd2 Nxb3+ 37. Ke1 Kd4 0-1

[Event "HUN-chT 1617"]
[Site "Hungary"]
[Date "2016.11.27"]
[Round "3.10"]
[White "Balazs, Gabor"]
[Black "Szamoskozi, Gabor"]
[Result "1/2-1/2"]
[WhiteElo "2076"]
[BlackElo "2334"]
[PlyCount "40"]
[EventDate "2016.10.30"]
[EventType "team-tourn"]
[EventRounds "9"]
[EventCountry "HUN"]
[SourceTitle "EXT 2018"]
[Source "ChessBase"]
[SourceDate "2017.10.13"]
[SourceVersion "1"]
[SourceVersionDate "2017.10.13"]
[SourceQuality "1"]
[WhiteTeam "Paks"]
[BlackTeam "Penzugyor"]
[WhiteTeamCountry "HUN"]
[BlackTeamCountry "HUN"]

1. d4 Nf6 2. c4 g6 3. Nc3 Bg7 4. e4 d6 5. Be2 0-0 6. Be3 e5 7. Nf3 Ng4 8. Bg5 f6 9. Bc1 f5 10. Bg5 Qe8 11. dxe5 Nxe5 12. Nxe5 dxe5 13. Nd5 Rf7 14. exf5 Bxf5 15. 0-0 Nc6 16. Be3 Nd4 17. Bxd4 exd4 18. Nb4 Qe7 19. Nd3 c6 20. Bg4 Bxd3 1/2-1/2

[Event "OP-2015-0-03864"]
[Site "LSS email"]
[Date "2015.11.11"]
[Round "?"]
[White "Balazs, Gabor"]
[Black "Buecker, Juergen"]
[Result "0-1"]
[WhiteElo "899"]
[BlackElo "2486"]
[PlyCount "22"]
[EventDate "2015.11.06"]
[EventType "tourn (corr)"]
[EventRounds "4"]
[EventCountry "GER"]
[SourceTitle "Corr 2022"]
[Source "ChessBase"]
[SourceDate "2021.10.24"]
[SourceVersion "1"]
[SourceVersionDate "2021.10.24"]
[SourceQuality "1"]

1. e4 e5 2. Nf3 Nc6 3. d4 exd4 4. Nxd4 Nf6 5. Nc3 Bb4 6. Nxc6 bxc6 7. Bd2 Qe7 8. a3 Bxc3 9. Bxc3 Nxe4 10. Bb4 d6 11. Qd4 Ng3+ 0-1

[Event "ZN-2015-0-03176"]
[Site "LSS email"]
[Date "2015.11.11"]
[Round "?"]
[White "Guaimare Rodriguez, Carlos Luis"]
[Black "Balazs, Gabor"]
[Result "1-0"]
[WhiteElo "972"]
[BlackElo "899"]
[PlyCount "31"]
[EventDate "2015.11.03"]
[EventType "match (corr)"]
[EventRounds "2"]
[EventCountry "GER"]
[SourceTitle "Corr 2022"]
[Source "ChessBase"]
[SourceDate "2021.10.24"]
[SourceVersion "1"]
[SourceVersionDate "2021.10.24"]
[SourceQuality "1"]

1. e4 e5 2. Nf3 Nc6 3. Bc4 h6 4. c3 d6 5. d4 Qe7 6. 0-0 Bg4 7. Be3 Nf6 8. Nbd2 exd4 9. cxd4 g6 10. Qc2 Bg7 11. Rfe1 0-0 12. e5 dxe5 13. dxe5 Nxe5 14. Nxe5 Qxe5 15. Bc5 Qxc5 16. Bxf7+ 1-0

[Event "OP-2015-0-03864"]
[Site "LSS email"]
[Date "2015.11.11"]
[Round "?"]
[White "Masek, Lubos"]
[Black "Balazs, Gabor"]
[Result "1-0"]
[WhiteElo "1015"]
[BlackElo "899"]
[PlyCount "25"]
[EventDate "2015.11.06"]
[EventType "tourn (corr)"]
[EventRounds "4"]
[EventCountry "GER"]
[SourceTitle "Corr 2022"]
[Source "ChessBase"]
[SourceDate "2021.10.24"]
[SourceVersion "1"]
[SourceVersionDate "2021.10.24"]
[SourceQuality "1"]

1. d4 d5 2. Nf3 Nc6 3. h3 Nf6 4. e3 Ne4 5. c4 dxc4 6. Bxc4 e6 7. a3 Be7 8. Bd2 0-0 9. Nc3 Nxc3 10. Bxc3 a6 11. 0-0 b5 12. Bd3 f6 13. Qc2 1-0

[Event "LSS No Engine Cup 141 Preliminary 0"]
[Site "LSS email"]
[Date "2015.10.30"]
[Round "?"]
[White "Balazs, Gabor"]
[Black "Lenz, Juergen"]
[Result "0-1"]
[WhiteElo "987"]
[BlackElo "1362"]
[PlyCount "24"]
[EventDate "2015.10.31"]
[EventType "tourn (corr)"]
[EventRounds "6"]
[EventCountry "GER"]
[SourceTitle "Corr 2022"]
[Source "ChessBase"]
[SourceDate "2021.10.24"]
[SourceVersion "1"]
[SourceVersionDate "2021.10.24"]
[SourceQuality "1"]

1. e4 Nf6 2. Nc3 d5 3. exd5 Nxd5 4. Nxd5 Qxd5 5. d4 c5 6. c3 cxd4 7. Qxd4 Qxd4 8. cxd4 Nc6 9. Nf3 Bg4 10. Be2 0-0-0 11. Be3 Bxf3 12. Bxf3 e6 0-1

[Event "CP-2015-P-00002"]
[Site "LSS email"]
[Date "2015.09.28"]
[Round "?"]
[White "Balazs, Gabor"]
[Black "Panov, Serg"]
[Result "0-1"]
[WhiteElo "929"]
[BlackElo "2318"]
[PlyCount "24"]
[EventDate "2015.10.01"]
[EventType "tourn (corr)"]
[EventRounds "6"]
[EventCountry "GER"]
[SourceTitle "Corr 2022"]
[Source "ChessBase"]
[SourceDate "2021.10.24"]
[SourceVersion "1"]
[SourceVersionDate "2021.10.24"]
[SourceQuality "1"]

1. e4 c5 2. Nf3 d6 3. Bb5+ Nd7 4. c4 Ngf6 5. d3 a6 6. Ba4 e6 7. 0-0 Be7 8. Nc3 h6 9. d4 cxd4 10. Qxd4 0-0 11. Re1 Qc7 12. b3 Ne5 0-1

[Event "LSS No Engine Cup 134 Preliminary 0"]
[Site "LSS email"]
[Date "2015.07.08"]
[Round "?"]
[White "Balazs, Gabor"]
[Black "Reinecke, Juergen"]
[Result "0-1"]
[WhiteElo "1002"]
[BlackElo "1470"]
[PlyCount "38"]
[EventDate "2015.07.09"]
[EventType "tourn (corr)"]
[EventRounds "6"]
[EventCountry "GER"]
[SourceTitle "Corr 2022"]
[Source "ChessBase"]
[SourceDate "2021.10.24"]
[SourceVersion "1"]
[SourceVersionDate "2021.10.24"]
[SourceQuality "1"]

1. e4 c5 2. Nf3 e6 3. Nc3 a6 4. d3 b5 5. a3 Bb7 6. Be3 d6 7. Be2 Be7 8. 0-0 Nd7 9. b4 cxb4 10. axb4 Ngf6 11. h3 0-0 12. d4 Nxe4 13. Nxe4 Bxe4 14. c4 bxc4 15. Bxc4 Bb7 16. d5 exd5 17. Bxd5 Bxd5 18. Qxd5 Nf6 19. Qg5 Re8 0-1

[Event "LSS No Engine Cup 134 Preliminary 0"]
[Site "LSS email"]
[Date "2015.07.08"]
[Round "?"]
[White "Balazs, Gabor"]
[Black "Van Bommel, Ton"]
[Result "0-1"]
[WhiteElo "1002"]
[BlackElo "2273"]
[PlyCount "42"]
[EventDate "2015.07.09"]
[EventType "tourn (corr)"]
[EventRounds "6"]
[EventCountry "GER"]
[SourceTitle "Corr 2022"]
[Source "ChessBase"]
[SourceDate "2021.10.24"]
[SourceVersion "1"]
[SourceVersionDate "2021.10.24"]
[SourceQuality "1"]

1. e4 c5 2. Nf3 d6 3. Nc3 e5 4. d3 Nf6 5. Bg5 Be7 6. Be2 Nc6 7. 0-0 Be6 8. h3 0-0 9. a3 Rb8 10. b3 Nd4 11. Bxf6 Bxf6 12. Nd5 Nxf3+ 13. Bxf3 Bxd5 14. exd5 e4 15. Bxe4 Bxa1 16. Qxa1 f5 17. Bf3 Qf6 18. c3 Rfe8 19. Re1 Rxe1+ 20. Qxe1 Qe5 21. Qxe5 dxe5 0-1

[Event "SN-2015-0-00680"]
[Site "LSS email"]
[Date "2015.05.24"]
[Round "?"]
[White "Ualpaev, Sergej"]
[Black "Balazs, Gabor"]
[Result "1-0"]
[WhiteElo "860"]
[BlackElo "936"]
[PlyCount "57"]
[EventDate "2015.04.27"]
[EventType "tourn (corr)"]
[EventRounds "6"]
[EventCountry "GER"]
[SourceTitle "Corr 2022"]
[Source "ChessBase"]
[SourceDate "2021.10.24"]
[SourceVersion "1"]
[SourceVersionDate "2021.10.24"]
[SourceQuality "1"]

1. e4 e5 2. d4 exd4 3. c3 dxc3 4. Nxc3 Bb4 5. Qd4 Bxc3+ 6. bxc3 f6 7. Bc4 Nc6 8. Qd5 Qe7 9. Nf3 b6 10. 0-0 Bb7 11. Qf5 g6 12. Qf4 d6 13. Bxg8 Rxg8 14. Re1 0-0-0 15. Qg4+ Qd7 16. Qxd7+ Rxd7 17. Bb2 Re8 18. c4 f5 19. exf5 Rxe1+ 20. Rxe1 gxf5 21. Bf6 Ba6 22. Nh4 Bxc4 23. a3 Rf7 24. Re6 Bxe6 25. Bc3 a5 26. h3 b5 27. f4 b4 28. axb4 axb4 29. Bb2 1-0

[Event "SN-2015-0-00680"]
[Site "LSS email"]
[Date "2015.05.23"]
[Round "?"]
[White "Balazs, Gabor"]
[Black "Lenz, Juergen"]
[Result "0-1"]
[WhiteElo "936"]
[BlackElo "1107"]
[PlyCount "38"]
[EventDate "2015.04.27"]
[EventType "tourn (corr)"]
[EventRounds "6"]
[EventCountry "GER"]
[SourceTitle "Corr 2022"]
[Source "ChessBase"]
[SourceDate "2021.10.24"]
[SourceVersion "1"]
[SourceVersionDate "2021.10.24"]
[SourceQuality "1"]

1. e4 c5 2. Nf3 Nc6 3. Nc3 g6 4. d4 cxd4 5. Nxd4 Bg7 6. Nxc6 bxc6 7. Bc4 Qc7 8. Qf3 Nf6 9. 0-0 0-0 10. Bf4 d6 11. b4 Bg4 12. Qd3 Be6 13. Bxe6 fxe6 14. Qe3 Nh5 15. Bg3 Nxg3 16. fxg3 Qb6 17. Qxb6 axb6 18. Rf3 Rxf3 19. gxf3 Bxc3 0-1

[Event "SN-2015-0-00680"]
[Site "LSS email"]
[Date "2015.05.23"]
[Round "?"]
[White "Gorman, Andrew"]
[Black "Balazs, Gabor"]
[Result "1/2-1/2"]
[WhiteElo "906"]
[BlackElo "936"]
[PlyCount "46"]
[EventDate "2015.04.27"]
[EventType "tourn (corr)"]
[EventRounds "6"]
[EventCountry "GER"]
[SourceTitle "Corr 2022"]
[Source "ChessBase"]
[SourceDate "2021.10.24"]
[SourceVersion "1"]
[SourceVersionDate "2021.10.24"]
[SourceQuality "1"]

1. e4 e5 2. Nf3 Nc6 3. d4 exd4 4. Nxd4 Nxd4 5. Qxd4 c5 6. Qe5+ Qe7 7. Qxe7+ Bxe7 8. Bc4 Nf6 9. Nc3 0-0 10. 0-0 a6 11. Bg5 h6 12. Bxf6 Bxf6 13. Rfe1 Bxc3 14. bxc3 Re8 15. Re3 d6 16. Rd1 Rd8 17. h3 Be6 18. Bxe6 fxe6 19. Red3 Rd7 20. Rxd6 Rxd6 21. Rxd6 Kf7 22. Rd7+ Kf8 23. Rxb7 Kg8 1/2-1/2

[Event "LSS No Engine Cup 124 Preliminary 0"]
[Site "LSS email"]
[Date "2015.01.12"]
[Round "?"]
[White "Balazs, Gabor"]
[Black "Pech, Matej"]
[Result "0-1"]
[WhiteElo "1039"]
[BlackElo "1742"]
[PlyCount "38"]
[EventDate "2015.01.13"]
[EventType "tourn (corr)"]
[EventRounds "6"]
[EventCountry "GER"]
[SourceTitle "Corr 2022"]
[Source "ChessBase"]
[SourceDate "2021.10.24"]
[SourceVersion "1"]
[SourceVersionDate "2021.10.24"]
[SourceQuality "1"]

1. e4 c5 2. Nf3 d6 3. d4 cxd4 4. Nxd4 Nf6 5. Bd3 e5 6. Nf3 Be7 7. Nc3 h6 8. 0-0 0-0 9. Re1 Be6 10. b3 a6 11. Be3 b5 12. b4 Nc6 13. a3 Qd7 14. Qd2 Rfc8 15. h3 Rab8 16. Bxh6 gxh6 17. Qxh6 Nh7 18. Ne2 Qe8 19. Ng3 Qf8 0-1

[Event "LSS No Engine Cup 124 Preliminary 0"]
[Site "LSS email"]
[Date "2015.01.12"]
[Round "?"]
[White "Krug, Evgeny"]
[Black "Balazs, Gabor"]
[Result "1-0"]
[WhiteElo "1600"]
[BlackElo "1039"]
[PlyCount "43"]
[EventDate "2015.01.13"]
[EventType "tourn (corr)"]
[EventRounds "6"]
[EventCountry "GER"]
[SourceTitle "Corr 2022"]
[Source "ChessBase"]
[SourceDate "2021.10.24"]
[SourceVersion "1"]
[SourceVersionDate "2021.10.24"]
[SourceQuality "1"]

1. e4 c5 2. Nf3 d6 3. d4 cxd4 4. Nxd4 e5 5. Nf3 Nf6 6. Nc3 Nc6 7. Bc4 Be7 8. a3 Be6 9. Qd3 0-0 10. Be3 Bxc4 11. Qxc4 h6 12. Qd3 Re8 13. 0-0-0 Ng4 14. Nd5 Bg5 15. Bxg5 hxg5 16. Qd2 b5 17. h4 f6 18. hxg5 fxg5 19. Nxg5 Qa5 20. Ne7+ Rxe7 21. Qd5+ Kf8 22. Rh8# 1-0

[Event "OP-2014-0-03588"]
[Site "LSS email"]
[Date "2014.12.18"]
[Round "?"]
[White "Arriola, Roger"]
[Black "Balazs, Gabor"]
[Result "1-0"]
[WhiteElo "1083"]
[BlackElo "975"]
[PlyCount "79"]
[EventDate "2014.12.13"]
[EventType "tourn (corr)"]
[EventRounds "4"]
[EventCountry "GER"]
[SourceTitle "Corr 2022"]
[Source "ChessBase"]
[SourceDate "2021.10.24"]
[SourceVersion "1"]
[SourceVersionDate "2021.10.24"]
[SourceQuality "1"]

1. e4 c5 2. c4 e5 3. Nf3 Nc6 4. Nc3 d6 5. Be2 Bg4 6. d3 Nf6 7. Bg5 Be7 8. Bxf6 Bxf6 9. Qd2 0-0 10. h3 Bh5 11. Nd5 Be7 12. Nxe7+ Qxe7 13. g4 Bg6 14. h4 f6 15. h5 Bf7 16. Nh4 a6 17. Nf5 Qd8 18. 0-0-0 b5 19. b3 bxc4 20. dxc4 Nd4 21. Nxd4 cxd4 22. Rhf1 Re8 23. Bd3 d5 24. cxd5 Qd6 25. Kb2 Reb8 26. f4 a5 27. fxe5 fxe5 28. Bc4 Be8 29. Ka1 Bb5 30. Rf3 Bxc4 31. bxc4 Qb4 32. Rb3 Qxc4 33. Rxb8+ Rxb8 34. Rc1 Qa4 35. g5 g6 36. h6 Rb3 37. Rc8+ Kf7 38. Qf2+ Ke7 39. Qf8+ Kd7 40. Qd8# 1-0

[Event "OP-2014-0-03588"]
[Site "LSS email"]
[Date "2014.12.18"]
[Round "?"]
[White "Balazs, Gabor"]
[Black "Hickl, Norbert"]
[Result "0-1"]
[WhiteElo "975"]
[BlackElo "948"]
[PlyCount "32"]
[EventDate "2014.12.13"]
[EventType "tourn (corr)"]
[EventRounds "4"]
[EventCountry "GER"]
[SourceTitle "Corr 2022"]
[Source "ChessBase"]
[SourceDate "2021.10.24"]
[SourceVersion "1"]
[SourceVersionDate "2021.10.24"]
[SourceQuality "1"]

1. e4 e6 2. d4 d5 3. e5 c5 4. c3 Nc6 5. Nf3 Qb6 6. a3 a5 7. Bd3 Bd7 8. Be3 cxd4 9. cxd4 Qxb2 10. Nbd2 Bxa3 11. 0-0 Nb4 12. Qb1 Nxd3 13. Qxb2 Bxb2 14. Ra2 Bc3 15. Ne1 Ne7 16. Nxd3 Bb5 0-1